Responses for Show #2109 - Thursday, November 4, 1993

Drawing for Season 7 & Season 8 players for the 10th Anniversary Tournament.

Contestants

[<< previous game]

Mary Stefani, an automotive catalog writer originally from Chicago, Illinois

Craig Savel, a data processor from Flushing, New York

Jackie Moore, a Ph.D. candidate from College Park, Maryland (whose 1-day cash winnings total $13,400)

[next game >>]

Jeopardy! Round responses

HEALTH & MEDICINE
THEME PARKS
BIRDS
COLORS
THE OLD TESTAMENT
LAST NAME'S THE SAME
    $100 21
the heart

Craig
    $100 1
Dolly Parton

Craig
    $100 2
running

Mary
    $100 14
the yellow

Jackie
    $100 19
(Jackie: What is Exodus?)

Genesis

JackieMary
    $100 3
Cassidy

Jackie
    $200 22
an orthodontist

Mary
    $200 4
Bonanza

Jackie
    $200 6
(Jackie: What's a sparrow?)

a hummingbird

JackieCraig
    $200 15
the deep blue sea

Jackie
    $200 20
(Jackie: What is the Moon?)

the Sun

JackieCraig
    $200 10
Chase

Jackie
    $300 23
the eye

Mary
    $300 5
New Hampshire

Craig
    $300 7
(Jackie: What's the heron?)

an owl

JackieCraig
    $300 16
grey

Craig
    $300 26
(Craig: What is red?)

blood

JackieCraig
    $300 11
Rogers

Jackie
    $400 24
freckles

Craig
    $400 27
Opryland

Mary
    $400 8
a falcon

Mary
    $400 17
green

Jackie
    $400 29
a ram

Jackie
    $400 12
Diamond

Craig
    $500 25
(Jackie: What is the death head mushroom?)

death cap

Jackie
Triple Stumper
    $500 28
North & South Carolina

Triple Stumper
    $500 9
(Mary: Um, what is an emu?)

the Rhea

Mary
    $500 18
roses

Mary
    $500 30
the Jordan

Craig
    $500 13
Stapleton

Craig

Scores at the first commercial break (after clue 15):

Jackie Craig Mary
$600 $1,800 $0

Scores at the end of the Jeopardy! Round:

Jackie Craig Mary
$900 $3,000 $1,500

Double Jeopardy! Round responses

AFRICAN CITIES
PLAY CHARACTERS
INTERNATIONAL CUISINE
MARINE DISASTERS
1992
"ISM"s
    $200 6
Alexandria

Craig
    $200 8
Camelot

Jackie
    $200 1
sausage

Craig
    $200 13
the White House

Mary
    $200 21
cannibalism

Mary
    $400 7
Addis Ababa

Jackie
    $400 9
Othello

Jackie
    $400 2
a longan

Jackie
    $400 14
Bobby Fischer

Mary
    $400 22
abolitionism

Craig
    $600 18
(Mary: What is, uh, Cape Horn?)

Cape Town

JackieMary
    $600 10
Sweeney Todd

Mary
    $600 3
a Black Forest cake

Mary
    $600 27
the Queen Mary

Craig
    $600 15
Iceland

Jackie
    $600 23
(Mary: What is, uh, segregationism?)

communism

JackieMary
    $800 19
Lagos

Craig
    $800 11
(Alex: Who is [*], hence [*]'s Fan.)

Lady Windermere

Triple Stumper
    $800 4
Switzerland

Mary
    $800 26
an atomic bomb

Craig
    $800 16
New Zealand

Jackie
    $800 24
monotheism

Jackie
    $1000 20
Kenya

Jackie
    $1000 12
Green Grow the Lilacs

Mary
    $1000 5
(Alex: You know, we had a category called INTERNATIONAL CUISINE and there wasn't one appetizing item on that whole page.)
[Laughter]

oatmeal

Craig
    $1,000 28
[The end-of-round signal sounds.]

Belgium

Craig
    $1,500 17
(Jackie: What is Jordan?)

Spain

Jackie
    $1000 25
(Alex: We have less than a minute to deal with MARINE DISASTERS.)

a euphemism

Craig

Scores at the end of the Double Jeopardy! Round:

Jackie Craig Mary
$5,200 $9,000 $4,100

[wagering suggestions for these scores]

Final Jeopardy! Round responses

RULERS
MaryWhat is Spain?
$4,099
JackieWhat is Italy?
$5,000
CraigWhat is Portugal?
$1,401
(1 of) Portugal or Brazil

Final scores:

Jackie Craig Mary
$200 $10,401 $1
2nd place: trip on Delta to the Bahamas & stay at Ramada South Ocean Golf & Beach Resort + computerized version or Jeopardy! home game New champion: $10,401 3rd place: Maytag washer & dryer + computerized version or Jeopardy! home game

Game dynamics:

Coryat scores:

Jackie Craig Mary
$6,700 $9,000 $4,600
19 R,
6 W
(including 1 DD)
20 R
(including 1 DD),
1 W
14 R,
3 W
(including 1 DD)

Combined Coryat: $20,300

[game clues] [game scores] [suggest correction]

Game tape date: 1993-08-30
The J! Archive is created by fans, for fans. Scraping, republication, monetization, and malicious use prohibited; this site may use cookies and collect identifying information. See terms. The Jeopardy! game show and all elements thereof, including but not limited to copyright and trademark thereto, are the property of Jeopardy Productions, Inc. and are protected under law. This website is not affiliated with, sponsored by, or operated by Jeopardy Productions, Inc. Join the discussion at JBoard.tv.